Aprender a escuchar, aprender a hablar : (Record no. 172111)

MARC details
000 -CABECERA
campo de control de longitud fija 00852nam a2200229 a 4500
005 - FECHA Y HORA DE LA ÚLTIMA TRANSACCIÓN
campo de control 20251028063935.0
008 - ELEMENTOS DE LONGITUD FIJA--INFORMACIÓN GENERAL
campo de control de longitud fija 141006s2014 mx r 000 0 spa d
020 ## - NÚMERO INTERNACIONAL NORMALIZADO PARA LIBROS
Número Internacional Estándar del Libro 9786077675563
035 ## - NÚMERO DE CONTROL DEL SISTEMA
Número de control de sistema UPN01000200010
049 ## - COLECCIÓN
Colección CG
050 #4 - SIGNATURA TOPOGRÁFICA DE LA BIBLIOTECA DEL CONGRESO
Número de clasificación LB1140.5 L3
Número de documento/Ítem V4.2
100 1# - ASIENTO PRINCIPAL--NOMBRE PERSONAL
Nombre de persona Vernon, Sofía A.
9 (RLIN) 36170
245 10 - MENCIÓN DE TÍTULO
Título Aprender a escuchar, aprender a hablar :
Resto del título la lengua oral en los primeros años de escolaridad /
Mención de responsabilidad, etc. Sofía A. Vernon, Mónica Alvarado.
260 ## - PUBLICACIÓN, DISTRIBUCIÓN, ETC.
Lugar de publicación, distribución, etc. México :
Nombre del editor, distribuidor, etc. Instituto Nacional para la Evaluación de la Educación,
Fecha de publicación, distribución, etc. 2014.
300 ## - DESCRIPCIÓN FÍSICA
Extensión 213 p. :
Otras características físicas il. col., cuadros
440 #0 - MENCIÓN DE SERIE/ASIENTO SECUNDARIO--TÍTULO
Título Materiales para apoyar la práctica educativa
650 #4 - ASIENTO SECUNDARIO DE MATERIA - TERMINO TEMATICO
Término de materia o nombre geográfico como elemento de entrada Comunicación oral
Subdivisión general Estudio y enseñanza (Preescolar)
9 (RLIN) 6705
650 #4 - ASIENTO SECUNDARIO DE MATERIA - TERMINO TEMATICO
Término de materia o nombre geográfico como elemento de entrada Lenguaje y educación
9 (RLIN) 6713
700 1# - ASIENTO SECUNDARIO--NOMBRE DE PERSONAL
Nombre de persona Alvarado, Mónica,
Término indicativo de función/relación coaut.
905 ## - TIPO DE MATERIAL
Tipo de material Libro
Holdings
Estado de retiro Estado de pérdida Fuente del sistema de clasificación o colocación Estado dañado No para préstamo Código de colección Localización permanente Ubicación/localización actual Ubicación en estantería Fecha de adquisición Total de préstamos Clasificación Código de barras Fecha visto por última vez Fecha del último préstamo Número de copia Tipo de ítem Koha
    Library of Congress Classification     Colección General Bib. Gregorio Torres Quintero Bib. Gregorio Torres Quintero Planta baja 09/12/2022 18 LB1140.5 L3 V4.2 300315 22/05/2024 06/05/2024 1 Libro
    Library of Congress Classification     Colección General Bib. Gregorio Torres Quintero Bib. Gregorio Torres Quintero Planta baja 22/09/2022 9 LB1140.5 L3 V4.2 300314 06/05/2024 29/04/2024 1 Libro